| 000 | 01414nam a22003017a 4500 | ||
|---|---|---|---|
| 005 | 20240530110349.0 | ||
| 008 | 141215s2006 ua g b 000 0 ara d | ||
| 017 |
_a14155/2005 _bمصر . دار الكتب المصرية |
||
| 020 | _a9772582198 | ||
| 040 | _aEG-CaGPL | ||
| 041 | 0 | _aara | |
| 082 | 0 | 4 |
_221 _a962.4\ _bس ع |
| 100 | 0 |
_aسيد احمد على عثمان العقيد _cاستاذ مشارك فى التاريخ الحديث والمعاصر كلية الاداب / جامعة النيلين |
|
| 245 | 1 | 2 |
_aالعلاقات السودانية المكية عبر التاريخ / _cتاليف سيد احمد على عثمان العقيد |
| 250 | _aط1 | ||
| 260 |
_aالقاهرة : _bالدار العربية للنشر والتوزيع ، _c2006 |
||
| 300 |
_a133 ص ؛ _c24 سم |
||
| 504 | _aببليوجرافية : ص 127 - 133 | ||
| 651 | 0 | 4 |
_aالسودان _xتاريخ |
| 651 | 0 | 4 |
_aاثيوبيا _xتاريخ |
| 651 | 0 | 4 |
_aالسودان _xالعلاقات الخارجية _zالدول العربية |
| 651 | 0 | 4 |
_aالسودان _xالسكان الاصليون |
| 651 | 0 | 4 |
_aالسودان _xتاريخ _yعصر صدر الاسلام |
| 651 | 0 | 4 |
_aالسودان _xالعلاقات الخارجية _zالسعودية |
| 651 | 0 | 4 |
_aالسعودية _xالعلاقات الخارجية _zالسودان |
| 942 |
_2ddc _cBK |
||
| 999 |
_c60031 _d60031 |
||